000
00299nam a2200121Ia 4500
008
221030s9999 xx 000 0 und d
041
_a
English
100
_a
G. M. Marakas
245
0
_a
Modern Data Warehousing, Mining, & Visulazation
_c
by G. M. Marakas
260
_c
0
650
_a
B
942
_c
BK
999
_c
16006
_d
16006